[Event "Girls U12 Polish Youth Championship"]
[Site "chess24.com"]
[Date "2018.04.30"]
[Round "3"]
[White "Brelinska, Matylda"]
[Black "Kuczynska, Katarzyna"]
[Result "0-1"]
[Board "24"]
[WhiteElo "1051"]
[WhiteCountry "POL"]
[WhiteFideId "21861072"]
[WhiteEloChange "-8"]
[BlackElo "1131"]
[BlackCountry "POL"]
[BlackFideId "21806390"]
[BlackEloChange "8"]

1. e4 {[%clk 1:30:59]} c5 {[%clk 1:30:56]} 2. Nf3 {[%clk 1:31:24]} d6 {[%clk
1:31:13]} 3. d4 {[%clk 1:31:45]} cxd4 {[%clk 1:31:40]} 4. Nxd4 {[%clk 1:32:10]}
Nf6 {[%clk 1:32:06]} 5. Nc3 {[%clk 1:32:12]} a6 {[%clk 1:32:30]} 6. Be3 {[%clk
1:32:35]} e6 {[%clk 1:32:16]} 7. Be2 {[%clk 1:32:43]} b5 {[%clk 1:32:25]} 8. a3
{[%clk 1:32:25]} Bb7 {[%clk 1:32:17]} 9. f3 {[%clk 1:32:15]} Nbd7 {[%clk
1:31:57]} 10. O-O {[%clk 1:32:17]} Be7 {[%clk 1:31:52]} 11. Re1 {[%clk 1:31:08]}
Qc7 {[%clk 1:30:07]} 12. Bf1 {[%clk 1:30:09]} d5 {[%clk 1:28:51]} 13. Bf2 {[%clk
1:26:04]} b4 {[%clk 1:25:56]} 14. axb4 {[%clk 1:23:42]} Bxb4 {[%clk 1:26:23]} 15.
Re2 {[%clk 1:23:19]} Bxc3 {[%clk 1:26:03]} 16. bxc3 {[%clk 1:17:42]} dxe4 {[%clk
1:25:01]} 17. fxe4 {[%clk 1:16:06]} Nxe4 {[%clk 1:24:32]} 18. Qd3 {[%clk
1:12:39]} Nxc3 {[%clk 1:23:39]} 19. Re3 {[%clk 1:12:26]} Nd5 {[%clk 1:22:46]} 20.
Rg3 {[%clk 1:12:06]} O-O {[%clk 1:22:15]} 21. Qd2 {[%clk 1:08:54]} Nf4 {[%clk
1:19:39]} 22. Be3 {[%clk 1:08:32]} Ng6 {[%clk 1:19:05]} 23. Bd3 {[%clk 1:03:44]}
Nde5 {[%clk 1:16:46]} 24. Ra5 {[%clk 1:01:50]} Nxd3 {[%clk 1:15:27]} 25. cxd3
{[%clk 1:00:45]} Bd5 {[%clk 1:14:29]} 26. Rh3 {[%clk 0:59:42]} Qe7 {[%clk
1:07:33]} 27. Ra4 {[%clk 0:42:15]} Rfb8 {[%clk 0:57:00]} 28. Ra1 {[%clk 0:38:12]}
Qb4 {[%clk 0:53:40]} 29. Qd1 {[%clk 0:34:06]} Qb2 {[%clk 0:52:17]} 30. Rg3 {[%clk
0:32:26]} a5 {[%clk 0:51:27]} 31. Nf3 {[%clk 0:31:30]} a4 {[%clk 0:45:22]} 32.
Bd4 {[%clk 0:30:51]} Qb3 {[%clk 0:45:04]} 33. Qf1 {[%clk 0:28:43]} f6 {[%clk
0:42:46]} 34. h4 {[%clk 0:26:48]} e5 {[%clk 0:41:05]} 35. Be3 {[%clk 0:25:20]} a3
{[%clk 0:39:32]} 36. h5 {[%clk 0:25:09]} Nf4 {[%clk 0:38:10]} 37. Bxf4 {[%clk
0:16:45]} exf4 {[%clk 0:35:38]} 38. Rg4 {[%clk 0:16:56]} a2 {[%clk 0:34:56]} 39.
Nd2 {[%clk 0:15:44]} Qc2 {[%clk 0:33:44]} 40. Qe1 {[%clk 0:15:00]} Rb2 {[%clk
0:33:31]} 41. h6 {[%clk 0:15:00]} Qc5+ {[%clk 0:28:45]} 42. Kh2 {[%clk 0:14:01]}
g6 {[%clk 0:26:34]} 43. Rxf4 {[%clk 0:13:47]} Qd6 {[%clk 0:23:48]} 44. Qf2 {[%clk
0:11:44]} g5 {[%clk 0:23:48]} 45. Qg3 {[%clk 0:11:37]} Qxf4 {[%clk 0:23:26]} 46.
Qxf4 {[%clk 0:11:37]} gxf4 {[%clk 0:23:26]} 0-1

[Event "Girls U12 Polish Youth Championship"]
[Site "chess24.com"]
[Date "2018.04.30"]
[Round "3"]
[White "Ziegert, Krystyna"]
[Black "Maslewska, Anna"]
[Result "0-1"]
[Board "26"]
[WhiteElo "1001"]
[WhiteCountry "POL"]
[WhiteFideId "21861080"]
[WhiteEloChange "-7"]
[BlackElo "1124"]
[BlackCountry "POL"]
[BlackFideId "21839581"]
[BlackEloChange "7"]

1. e4 {[%clk 1:30:59]} e5 {[%clk 1:30:54]} 2. Bc4 {[%clk 1:31:22]} Nf6 {[%clk
1:31:05]} 3. Nf3 {[%clk 1:31:18]} Nc6 {[%clk 1:31:16]} 4. Nc3 {[%clk 1:31:40]}
Bc5 {[%clk 1:31:14]} 5. d3 {[%clk 1:31:31]} h6 {[%clk 1:31:00]} 6. Be3 {[%clk
1:31:51]} Bb6 {[%clk 1:30:55]} 7. Nd5 {[%clk 1:25:21]} O-O {[%clk 1:29:56]} 8.
O-O {[%clk 1:24:54]} d6 {[%clk 1:29:12]} 9. h3 {[%clk 1:25:01]} Be6 {[%clk
1:28:51]} 10. c3 {[%clk 1:21:06]} Bxd5 {[%clk 1:26:11]} 11. Bxd5 {[%clk 1:18:14]}
Nxd5 {[%clk 1:25:41]} 12. exd5 {[%clk 1:18:18]} Ne7 {[%clk 1:25:48]} 13. c4
{[%clk 1:17:58]} Nf5 {[%clk 1:23:27]} 14. Qd2 {[%clk 1:13:33]} Nxe3 {[%clk
1:17:26]} 15. fxe3 {[%clk 1:13:24]} f5 {[%clk 1:17:30]} 16. Kh1 {[%clk 1:11:11]}
Qd7 {[%clk 1:16:06]} 17. a4 {[%clk 1:09:57]} a5 {[%clk 1:15:30]} 18. b3 {[%clk
1:05:46]} Bc5 {[%clk 1:12:15]} 19. d4 {[%clk 1:03:32]} Bb4 {[%clk 1:12:25]} 20.
Qf2 {[%clk 1:03:47]} Rf6 {[%clk 1:10:26]} 21. dxe5 {[%clk 1:00:01]} dxe5 {[%clk
1:10:31]} 22. Nxe5 {[%clk 0:59:45]} Qd6 {[%clk 1:10:13]} 23. Nf3 {[%clk 0:58:16]}
Bc5 {[%clk 1:06:57]} 24. Nd4 {[%clk 0:55:37]} Bxd4 {[%clk 1:06:27]} 25. exd4
{[%clk 0:55:57]} Raf8 {[%clk 1:06:13]} 26. Qf3 {[%clk 0:52:57]} Rg6 {[%clk
1:02:59]} 27. Ra2 {[%clk 0:49:46]} Rg3 {[%clk 1:02:42]} 28. Qh5 {[%clk 0:48:09]}
Rxb3 {[%clk 1:01:43]} 29. Raa1 {[%clk 0:47:25]} Qb4 {[%clk 0:59:26]} 30. Qe2
{[%clk 0:44:41]} Rc3 {[%clk 0:58:54]} 31. Qe6+ {[%clk 0:40:12]} Kh8 {[%clk
0:55:26]} 32. Rxf5 {[%clk 0:40:05]} Rxf5 {[%clk 0:54:45]} 33. Qxf5 {[%clk
0:40:18]} Qe7 {[%clk 0:53:34]} 34. Qc8+ {[%clk 0:40:20]} Kh7 {[%clk 0:53:42]} 35.
Qf5+ {[%clk 0:39:55]} Kg8 {[%clk 0:53:36]} 36. Qe6+ {[%clk 0:39:42]} Qf7 {[%clk
0:52:24]} 37. Rf1 {[%clk 0:39:11]} Qxe6 {[%clk 0:52:10]} 38. dxe6 {[%clk
0:39:27]} Re3 {[%clk 0:52:13]} 39. d5 {[%clk 0:39:00]} c6 {[%clk 0:50:16]} 40.
Rf7 {[%clk 0:39:08]} cxd5 {[%clk 0:49:50]} 41. cxd5 {[%clk 0:39:23]} Rd3 {[%clk
0:47:37]} 42. Rd7 {[%clk 0:38:56]} Kf8 {[%clk 0:47:49]} 43. d6 {[%clk 0:38:44]}
Ke8 {[%clk 0:47:28]} 44. e7 {[%clk 0:38:45]} Kxd7 {[%clk 0:47:29]} 0-1

[Event "Girls U12 Polish Youth Championship"]
[Site "chess24.com"]
[Date "2018.05.01"]
[Round "4"]
[White "Pawicka, Magdalena"]
[Black "Zabrzanska, Weronika"]
[Result "1/2-1/2"]
[Board "1"]
[WhiteElo "1789"]
[WhiteCountry "POL"]
[WhiteFideId "21836507"]
[WhiteEloChange "-6"]
[BlackElo "1557"]
[BlackCountry "POL"]
[BlackFideId "21825173"]
[BlackEloChange "6"]

1. e4 {[%clk 1:30:56]} e5 {[%clk 1:30:53]} 2. Nf3 {[%clk 1:31:19]} Nc6 {[%clk
1:31:18]} 3. Bc4 {[%clk 1:31:31]} Bc5 {[%clk 1:31:39]} 4. O-O {[%clk 1:31:39]} d6
{[%clk 1:31:56]} 5. d3 {[%clk 1:30:45]} Nf6 {[%clk 1:32:02]} 6. c3 {[%clk
1:29:42]} a6 {[%clk 1:31:34]} 7. Bb3 {[%clk 1:27:26]} O-O {[%clk 1:31:49]} 8.
Nbd2 {[%clk 1:23:19]} h6 {[%clk 1:29:36]} 9. h3 {[%clk 1:22:17]} Re8 {[%clk
1:28:31]} 10. Re1 {[%clk 1:21:13]} Ba7 {[%clk 1:26:53]} 11. Nf1 {[%clk 1:20:25]}
Be6 {[%clk 1:25:45]} 12. Bc2 {[%clk 1:19:15]} d5 {[%clk 1:18:53]} 13. exd5 {[%clk
1:13:22]} Bxd5 {[%clk 1:18:37]} 14. Be3 {[%clk 1:10:01]} Bxe3 {[%clk 1:10:59]}
15. Nxe3 {[%clk 1:09:55]} Be6 {[%clk 1:09:25]} 16. Qd2 {[%clk 1:01:55]} b5 {[%clk
1:01:32]} 17. Rad1 {[%clk 0:58:49]} Nd5 {[%clk 0:58:35]} 18. Nxd5 {[%clk
0:55:43]} Bxd5 {[%clk 0:58:37]} 19. Qe3 {[%clk 0:54:35]} Qf6 {[%clk 0:54:31]} 20.
Nd2 {[%clk 0:49:56]} Qg6 {[%clk 0:52:16]} 21. f3 {[%clk 0:48:15]} f5 {[%clk
0:48:34]} 22. Bb3 {[%clk 0:47:04]} Bxb3 {[%clk 0:45:00]} 23. Nxb3 {[%clk
0:47:16]} Nd8 {[%clk 0:37:04]} 24. Qc5 {[%clk 0:44:46]} Qb6 {[%clk 0:30:56]} 25.
d4 {[%clk 0:42:42]} Nf7 {[%clk 0:27:11]} 26. Kh1 {[%clk 0:36:03]} Rad8 {[%clk
0:26:03]} 27. dxe5 {[%clk 0:32:52]} Rxd1 {[%clk 0:24:55]} 28. Rxd1 {[%clk
0:32:19]} Rxe5 {[%clk 0:25:13]} 29. Qxb6 {[%clk 0:30:39]} cxb6 {[%clk 0:25:35]}
30. Nd4 {[%clk 0:28:11]} Kf8 {[%clk 0:22:22]} 31. Kg1 {[%clk 0:28:02]} g6 {[%clk
0:21:31]} 32. Kf2 {[%clk 0:27:40]} Ke8 {[%clk 0:19:50]} 1/2-1/2

[Event "Girls U12 Polish Youth Championship"]
[Site "chess24.com"]
[Date "2018.05.01"]
[Round "4"]
[White "Gaj, Magdalena"]
[Black "Starosta, Martyna"]
[Result "0-1"]
[Board "2"]
[WhiteElo "1585"]
[WhiteCountry "POL"]
[WhiteFideId "21804397"]
[WhiteEloChange "-9"]
[BlackElo "1607"]
[BlackTitle "WCM"]
[BlackCountry "POL"]
[BlackFideId "21818754"]
[BlackEloChange "9"]

1. d4 {[%clk 1:30:57]} Nf6 {[%clk 1:30:53]} 2. Bf4 {[%clk 1:31:18]} g6 {[%clk
1:30:44]} 3. Nc3 {[%clk 1:31:41]} d5 {[%clk 1:30:45]} 4. Nf3 {[%clk 1:30:01]} Bg7
{[%clk 1:30:19]} 5. Qd2 {[%clk 1:23:30]} c6 {[%clk 1:29:34]} 6. g3 {[%clk
1:16:55]} O-O {[%clk 1:28:10]} 7. Bg2 {[%clk 1:09:21]} Nbd7 {[%clk 1:26:09]} 8.
Bh6 {[%clk 0:59:02]} Qb6 {[%clk 1:21:59]} 9. Rb1 {[%clk 0:38:44]} Ne4 {[%clk
1:16:50]} 10. Nxe4 {[%clk 0:35:16]} dxe4 {[%clk 1:15:22]} 11. Ne5 {[%clk
0:32:11]} Bxh6 {[%clk 1:14:59]} 12. Qxh6 {[%clk 0:31:05]} Nxe5 {[%clk 1:15:20]}
13. dxe5 {[%clk 0:31:16]} Qa5+ {[%clk 1:15:20]} 14. c3 {[%clk 0:30:33]} Qxe5
{[%clk 1:14:39]} 15. Qe3 {[%clk 0:26:18]} f5 {[%clk 1:07:25]} 16. O-O {[%clk
0:24:57]} Qf6 {[%clk 1:06:57]} 17. f3 {[%clk 0:20:12]} exf3 {[%clk 1:06:03]} 18.
exf3 {[%clk 0:20:27]} e5 {[%clk 1:01:23]} 19. Rfe1 {[%clk 0:15:55]} Re8 {[%clk
1:01:07]} 20. Rbd1 {[%clk 0:14:31]} b6 {[%clk 1:00:28]} 21. Qd3 {[%clk 0:13:02]}
Rb8 {[%clk 0:56:12]} 22. Qc4+ {[%clk 0:11:39]} Kh8 {[%clk 0:54:16]} 23. Qb4
{[%clk 0:10:59]} c5 {[%clk 0:51:54]} 24. Qa4 {[%clk 0:10:42]} Qf7 {[%clk
0:49:59]} 25. Rd6 {[%clk 0:09:56]} Qe7 {[%clk 0:45:03]} 26. Red1 {[%clk 0:09:37]}
e4 {[%clk 0:41:38]} 27. fxe4 {[%clk 0:09:29]} fxe4 {[%clk 0:41:52]} 28. Qc2
{[%clk 0:09:13]} e3 {[%clk 0:41:31]} 29. R6d5 {[%clk 0:09:15]} e2 {[%clk
0:40:44]} 30. Re1 {[%clk 0:09:25]} Qe3+ {[%clk 0:40:08]} 31. Kh1 {[%clk 0:09:46]}
Qf2 {[%clk 0:39:46]} 32. Qd2 {[%clk 0:08:29]} Bb7 {[%clk 0:39:21]} 33. c4 {[%clk
0:07:24]} Bxd5 {[%clk 0:38:31]} 34. Qc3+ {[%clk 0:07:09]} Qd4 {[%clk 0:38:08]}
35. cxd5 {[%clk 0:06:13]} Qxc3 {[%clk 0:36:27]} 36. bxc3 {[%clk 0:06:38]} b5
{[%clk 0:35:56]} 37. Bf3 {[%clk 0:05:33]} Rbd8 {[%clk 0:35:35]} 38. Kg2 {[%clk
0:04:58]} Kg7 {[%clk 0:35:15]} 39. Kf2 {[%clk 0:05:03]} a6 {[%clk 0:35:24]} 40.
Rxe2 {[%clk 0:04:24]} Rxe2+ {[%clk 0:35:11]} 41. Kxe2 {[%clk 0:04:52]} Kf6 {[%clk
0:35:21]} 42. Kd3 {[%clk 0:04:37]} Ke5 {[%clk 0:35:30]} 43. a3 {[%clk 0:04:08]}
Rf8 {[%clk 0:34:09]} 44. Be4 {[%clk 0:03:32]} Rf2 {[%clk 0:34:20]} 45. h3 {[%clk
0:03:56]} Ra2 {[%clk 0:34:07]} 46. Bf3 {[%clk 0:03:49]} Rxa3 {[%clk 0:34:23]} 47.
Kc2 {[%clk 0:04:05]} b4 {[%clk 0:34:29]} 0-1

[Event "Girls U12 Polish Youth Championship"]
[Site "chess24.com"]
[Date "2018.05.01"]
[Round "4"]
[White "Siekanska, Maria"]
[Black "Oborska, Magda"]
[Result "0-1"]
[Board "3"]
[WhiteElo "1550"]
[WhiteCountry "POL"]
[WhiteFideId "21852650"]
[WhiteEloChange "-15"]
[BlackElo "1336"]
[BlackCountry "POL"]
[BlackFideId "21852545"]
[BlackEloChange "15"]

1. d4 {[%clk 1:30:59]} Nc6 {[%clk 1:30:51]} 2. c4 {[%clk 1:31:18]} e5 {[%clk
1:31:11]} 3. e3 {[%clk 1:30:55]} Nf6 {[%clk 1:26:32]} 4. d5 {[%clk 1:30:54]} Ne7
{[%clk 1:26:46]} 5. Bd3 {[%clk 1:30:48]} d6 {[%clk 1:24:02]} 6. e4 {[%clk
1:30:49]} Ng6 {[%clk 1:23:53]} 7. Ne2 {[%clk 1:29:37]} Be7 {[%clk 1:23:54]} 8.
O-O {[%clk 1:29:53]} O-O {[%clk 1:23:42]} 9. Nbc3 {[%clk 1:30:07]} h6 {[%clk
1:20:11]} 10. f4 {[%clk 1:29:18]} exf4 {[%clk 1:18:18]} 11. Nxf4 {[%clk 1:29:28]}
Bg4 {[%clk 1:17:06]} 12. Qb3 {[%clk 1:28:20]} Ne5 {[%clk 1:13:48]} 13. Qxb7
{[%clk 1:27:59]} Nxd3 {[%clk 1:13:36]} 14. Nxd3 {[%clk 1:28:20]} Nxe4 {[%clk
1:11:55]} 15. Nxe4 {[%clk 1:28:45]} Be2 {[%clk 1:12:10]} 16. Nf4 {[%clk 1:28:24]}
Bxf1 {[%clk 1:11:40]} 17. Kxf1 {[%clk 1:28:45]} Re8 {[%clk 1:09:57]} 18. Bd2
{[%clk 1:15:30]} Bh4 {[%clk 1:08:07]} 19. Nf2 {[%clk 1:14:21]} Bxf2 {[%clk
1:05:11]} 20. Kxf2 {[%clk 1:14:41]} Qf6 {[%clk 1:03:37]} 21. Qb3 {[%clk 1:10:32]}
Qd4+ {[%clk 1:02:03]} 22. Be3 {[%clk 1:03:20]} Rxe3 {[%clk 1:01:09]} 23. Qxe3
{[%clk 1:03:43]} Qxb2+ {[%clk 1:01:25]} 24. Ne2 {[%clk 1:03:31]} Qxa1 {[%clk
1:00:46]} 25. Qb3 {[%clk 1:00:36]} Qf6+ {[%clk 0:59:25]} 26. Kg1 {[%clk 1:00:40]}
Re8 {[%clk 0:59:26]} 27. Qc2 {[%clk 1:00:49]} Qe5 {[%clk 0:58:31]} 28. Kf2 {[%clk
1:00:24]} Qxh2 {[%clk 0:56:21]} 29. Qa4 {[%clk 0:59:29]} Qe5 {[%clk 0:56:27]} 30.
Qc2 {[%clk 0:59:52]} Rb8 {[%clk 0:54:22]} 31. a3 {[%clk 0:58:11]} Rb2 {[%clk
0:53:32]} 32. Qd3 {[%clk 0:58:33]} Ra2 {[%clk 0:53:38]} 33. Kf3 {[%clk 0:56:57]}
Qf6+ {[%clk 0:52:20]} 34. Kg3 {[%clk 0:54:44]} Qb2 {[%clk 0:52:14]} 35. Kf2
{[%clk 0:54:08]} Rxa3 {[%clk 0:52:11]} 36. Qe4 {[%clk 0:52:24]} Ra2 {[%clk
0:50:11]} 37. Qe8+ {[%clk 0:52:06]} Kh7 {[%clk 0:50:22]} 38. Qe4+ {[%clk
0:52:30]} g6 {[%clk 0:50:32]} 39. Kf3 {[%clk 0:50:54]} Qe5 {[%clk 0:45:52]} 40.
Qxe5 {[%clk 0:50:28]} dxe5 {[%clk 0:46:10]} 41. g4 {[%clk 0:50:32]} a5 {[%clk
0:46:26]} 42. Nc1 {[%clk 0:49:48]} Rc2 {[%clk 0:46:28]} 43. Nd3 {[%clk 0:49:52]}
Rxc4 {[%clk 0:46:15]} 44. Nxe5 {[%clk 0:50:11]} Rc5 {[%clk 0:46:22]} 45. Ke4
{[%clk 0:50:08]} a4 {[%clk 0:46:24]} 46. Kd4 {[%clk 0:50:32]} Rc1 {[%clk
0:46:24]} 47. Nd3 {[%clk 0:50:23]} Rb1 {[%clk 0:45:53]} 48. Kc5 {[%clk 0:50:27]}
Rd1 {[%clk 0:45:26]} 49. Nb4 {[%clk 0:49:47]} a3 {[%clk 0:45:10]} 50. Kc6 {[%clk
0:50:06]} Rc1+ {[%clk 0:45:32]} 51. Kd7 {[%clk 0:50:30]} Rc4 {[%clk 0:44:52]} 52.
Na2 {[%clk 0:50:57]} Rc5 {[%clk 0:44:03]} 53. g5 {[%clk 0:51:00]} Rxd5+ {[%clk
0:44:21]} 54. Kxc7 {[%clk 0:51:23]} Rxg5 {[%clk 0:44:37]} 55. Kd7 {[%clk
0:51:47]} h5 {[%clk 0:44:49]} 56. Ke7 {[%clk 0:52:13]} h4 {[%clk 0:45:11]} 57.
Kf6 {[%clk 0:52:33]} Kh6 {[%clk 0:45:36]} 58. Nc3 {[%clk 0:52:49]} h3 {[%clk
0:45:48]} 0-1

[Event "Girls U12 Polish Youth Championship"]
[Site "chess24.com"]
[Date "2018.05.01"]
[Round "4"]
[White "Mroz, Lena"]
[Black "Barwinska, Ewa"]
[Result "1-0"]
[Board "4"]
[WhiteElo "1501"]
[WhiteCountry "POL"]
[WhiteFideId "21830916"]
[WhiteEloChange "10"]
[BlackElo "1517"]
[BlackCountry "POL"]
[BlackFideId "21833761"]
[BlackEloChange "-10"]

1. e4 {[%clk 1:30:56]} c5 {[%clk 1:30:48]} 2. Nf3 {[%clk 1:31:11]} d6 {[%clk
1:30:54]} 3. d4 {[%clk 1:31:19]} cxd4 {[%clk 1:30:45]} 4. Nxd4 {[%clk 1:31:33]}
Nf6 {[%clk 1:30:19]} 5. f3 {[%clk 1:31:20]} a6 {[%clk 1:29:37]} 6. c4 {[%clk
1:30:53]} g6 {[%clk 1:23:25]} 7. Nc3 {[%clk 1:29:26]} Bg7 {[%clk 1:21:37]} 8. Be3
{[%clk 1:27:58]} Nc6 {[%clk 1:18:34]} 9. Qd2 {[%clk 1:23:42]} Rb8 {[%clk
1:14:43]} 10. Be2 {[%clk 1:21:31]} Qa5 {[%clk 1:08:58]} 11. O-O {[%clk 1:11:39]}
O-O {[%clk 1:05:20]} 12. Rfd1 {[%clk 1:07:56]} Nxd4 {[%clk 1:01:16]} 13. Bxd4
{[%clk 1:08:03]} b5 {[%clk 0:52:31]} 14. Nd5 {[%clk 1:05:54]} Qd8 {[%clk
0:49:39]} 15. Nxf6+ {[%clk 1:05:02]} Bxf6 {[%clk 0:48:13]} 16. Bxf6 {[%clk
1:05:15]} exf6 {[%clk 0:48:32]} 17. cxb5 {[%clk 1:04:57]} Qb6+ {[%clk 0:47:28]}
18. Kh1 {[%clk 1:05:02]} axb5 {[%clk 0:45:49]} 19. Qxd6 {[%clk 1:04:24]} Qxd6
{[%clk 0:45:32]} 20. Rxd6 {[%clk 1:04:49]} Be6 {[%clk 0:45:29]} 21. a3 {[%clk
0:59:03]} Rfc8 {[%clk 0:44:25]} 22. Bd3 {[%clk 0:58:47]} Kg7 {[%clk 0:43:04]} 23.
Rd4 {[%clk 0:58:18]} Bc4 {[%clk 0:39:47]} 24. b4 {[%clk 0:40:23]} Bb3 {[%clk
0:37:22]} 25. h4 {[%clk 0:39:07]} Ba4 {[%clk 0:36:47]} 26. Rd5 {[%clk 0:38:59]}
Rd8 {[%clk 0:36:47]} 27. Rc1 {[%clk 0:37:45]} Ra8 {[%clk 0:33:19]} 28. Rcc5
{[%clk 0:35:02]} Rdb8 {[%clk 0:33:18]} 29. Bxb5 {[%clk 0:28:53]} Bxb5 {[%clk
0:33:35]} 30. Rxb5 {[%clk 0:29:19]} Rxb5 {[%clk 0:33:50]} 31. Rxb5 {[%clk
0:29:46]} Rxa3 {[%clk 0:33:45]} 32. Rb8 {[%clk 0:28:05]} Rb3 {[%clk 0:33:15]} 33.
Kh2 {[%clk 0:27:47]} h5 {[%clk 0:32:38]} 34. b5 {[%clk 0:27:43]} g5 {[%clk
0:32:16]} 35. b6 {[%clk 0:26:11]} Rb5 {[%clk 0:28:51]} 36. b7 {[%clk 0:25:52]}
gxh4 {[%clk 0:29:12]} 37. Kh3 {[%clk 0:26:13]} f5 {[%clk 0:27:33]} 38. e5 {[%clk
0:23:04]} Rb4 {[%clk 0:27:50]} 39. f4 {[%clk 0:23:12]} Kh7 {[%clk 0:27:38]} 40.
Kxh4 {[%clk 0:22:54]} Rxf4+ {[%clk 0:27:42]} 41. Kg5 {[%clk 0:23:01]} Rb4 {[%clk
0:27:41]} 42. Kxh5 {[%clk 0:18:38]} Kg7 {[%clk 0:26:17]} 43. Kg5 {[%clk 0:18:56]}
f4 {[%clk 0:26:22]} 44. Kf5 {[%clk 0:19:12]} f6 {[%clk 0:24:51]} 45. exf6+ {[%clk
0:16:03]} Kf7 {[%clk 0:25:03]} 46. Rh8 {[%clk 0:16:25]} Rb5+ {[%clk 0:24:52]} 47.
Kg4 {[%clk 0:16:37]} f3 {[%clk 0:21:42]} 48. gxf3 {[%clk 0:16:46]} Rb4+ {[%clk
0:21:03]} 49. Kg3 {[%clk 0:16:55]} Kxf6 {[%clk 0:20:49]} 50. b8Q {[%clk 0:17:11]}
Rxb8 {[%clk 0:21:11]} 51. Rxb8 {[%clk 0:17:36]} Kf7 {[%clk 0:21:32]} 52. Rb6
{[%clk 0:18:01]} Kf8 {[%clk 0:21:52]} 53. Rb7 {[%clk 0:18:25]} 1-0

[Event "Girls U12 Polish Youth Championship"]
[Site "chess24.com"]
[Date "2018.05.01"]
[Round "4"]
[White "Bar, Klaudia"]
[Black "Scisla, Oliwia"]
[Result "1-0"]
[Board "5"]
[WhiteElo "1295"]
[WhiteCountry "POL"]
[WhiteFideId "21836337"]
[WhiteEloChange "15"]
[BlackElo "1469"]
[BlackCountry "POL"]
[BlackFideId "21820465"]
[BlackEloChange "-15"]

1. e4 {[%clk 1:30:58]} c5 {[%clk 1:30:51]} 2. Nf3 {[%clk 1:31:24]} Nc6 {[%clk
1:31:11]} 3. d4 {[%clk 1:31:49]} cxd4 {[%clk 1:31:26]} 4. Nxd4 {[%clk 1:32:07]}
g6 {[%clk 1:31:31]} 5. c4 {[%clk 1:32:16]} Nf6 {[%clk 1:31:41]} 6. Nc3 {[%clk
1:32:33]} Nxd4 {[%clk 1:31:38]} 7. Qxd4 {[%clk 1:32:33]} d6 {[%clk 1:31:50]} 8.
Be3 {[%clk 1:32:42]} Bg7 {[%clk 1:31:57]} 9. f3 {[%clk 1:25:50]} O-O {[%clk
1:31:45]} 10. Qd2 {[%clk 1:25:44]} Be6 {[%clk 1:31:09]} 11. b3 {[%clk 1:23:46]}
Qa5 {[%clk 1:30:44]} 12. Rc1 {[%clk 1:22:48]} Rac8 {[%clk 1:27:43]} 13. Be2
{[%clk 1:20:28]} Rfd8 {[%clk 1:26:40]} 14. O-O {[%clk 1:19:39]} a6 {[%clk
1:22:04]} 15. Nd5 {[%clk 1:14:01]} Qxd2 {[%clk 1:21:52]} 16. Bxd2 {[%clk
1:14:03]} Nxd5 {[%clk 1:21:30]} 17. cxd5 {[%clk 1:11:28]} Bd4+ {[%clk 1:20:22]}
18. Kh1 {[%clk 1:10:48]} Bd7 {[%clk 1:20:18]} 19. Rfd1 {[%clk 1:10:09]} Bb2
{[%clk 1:18:39]} 20. Rb1 {[%clk 1:09:32]} Bg7 {[%clk 1:17:30]} 21. Rdc1 {[%clk
0:55:28]} e6 {[%clk 1:08:37]} 22. dxe6 {[%clk 0:54:27]} Bxe6 {[%clk 1:08:36]} 23.
Ba5 {[%clk 0:54:17]} Bh6 {[%clk 1:03:32]} 24. Bxd8 {[%clk 0:45:54]} Bxc1 {[%clk
1:03:42]} 25. Be7 {[%clk 0:45:28]} Ba3 {[%clk 1:03:58]} 26. Bd3 {[%clk 0:25:01]}
Kg7 {[%clk 1:01:33]} 27. e5 {[%clk 0:24:40]} Rc3 {[%clk 0:56:29]} 28. Rd1 {[%clk
0:20:57]} Bc5 {[%clk 0:52:37]} 29. Bf6+ {[%clk 0:20:44]} Kf8 {[%clk 0:52:42]} 30.
exd6 {[%clk 0:21:05]} Rxd3 {[%clk 0:51:16]} 31. Rxd3 {[%clk 0:21:28]} Ke8 {[%clk
0:51:33]} 32. Be7 {[%clk 0:20:59]} Kd7 {[%clk 0:51:35]} 33. Bf8 {[%clk 0:21:10]}
a5 {[%clk 0:49:40]} 34. Rc3 {[%clk 0:21:05]} b6 {[%clk 0:49:57]} 35. h4 {[%clk
0:18:11]} h5 {[%clk 0:48:35]} 36. g3 {[%clk 0:17:43]} Bf5 {[%clk 0:48:36]} 37.
Rc1 {[%clk 0:16:10]} Be6 {[%clk 0:46:19]} 38. Kg2 {[%clk 0:16:10]} Bd5 {[%clk
0:45:38]} 39. Rd1 {[%clk 0:16:29]} Bc6 {[%clk 0:45:19]} 40. Re1 {[%clk 0:16:19]}
Bd5 {[%clk 0:44:59]} 41. Kf1 {[%clk 0:12:15]} Bxd6 {[%clk 0:44:38]} 42. Rd1
{[%clk 0:11:38]} Kc6 {[%clk 0:44:49]} 43. Bxd6 {[%clk 0:11:20]} Kxd6 {[%clk
0:45:08]} 44. Ke2 {[%clk 0:11:39]} Kc5 {[%clk 0:44:59]} 45. f4 {[%clk 0:10:51]}
Be6 {[%clk 0:45:11]} 46. Kd3 {[%clk 0:10:53]} Kb4 {[%clk 0:45:16]} 47. Kc2 {[%clk
0:09:51]} Kc5 {[%clk 0:45:08]} 48. a3 {[%clk 0:09:44]} b5 {[%clk 0:45:15]} 49.
Rc1 {[%clk 0:08:53]} Kd4 {[%clk 0:45:23]} 50. Re1 {[%clk 0:08:46]} Bf5+ {[%clk
0:44:46]} 51. Kd2 {[%clk 0:08:50]} Be6 {[%clk 0:45:05]} 52. Re5 {[%clk 0:08:48]}
Bxb3 {[%clk 0:43:49]} 53. Rxb5 {[%clk 0:09:02]} a4 {[%clk 0:43:58]} 54. Rb4+
{[%clk 0:09:10]} Kc5 {[%clk 0:44:03]} 55. Rxb3 {[%clk 0:08:27]} axb3 {[%clk
0:43:48]} 56. Kc3 {[%clk 0:08:51]} b2 {[%clk 0:43:23]} 57. Kxb2 {[%clk 0:09:15]}
Kc4 {[%clk 0:43:31]} 58. Kc2 {[%clk 0:09:27]} f6 {[%clk 0:43:04]} 59. Kb2 {[%clk
0:09:50]} Kd3 {[%clk 0:42:56]} 60. Kb3 {[%clk 0:10:14]} Ke3 {[%clk 0:43:11]} 61.
a4 {[%clk 0:10:37]} Kf3 {[%clk 0:43:31]} 62. a5 {[%clk 0:10:46]} Kxg3 {[%clk
0:43:55]} 63. a6 {[%clk 0:11:11]} Kxf4 {[%clk 0:44:05]} 64. a7 {[%clk 0:11:37]}
Kg4 {[%clk 0:44:23]} 65. a8Q {[%clk 0:11:52]} Kxh4 {[%clk 0:44:42]} 66. Qc6
{[%clk 0:12:11]} Kg5 {[%clk 0:45:00]} 67. Qf3 {[%clk 0:12:02]} f5 {[%clk
0:44:57]} 68. Kc4 {[%clk 0:12:23]} h4 {[%clk 0:44:28]} 69. Kd4 {[%clk 0:12:33]}
Kf6 {[%clk 0:44:29]} 70. Ke3 {[%clk 0:11:49]} g5 {[%clk 0:43:40]} 71. Qh5 {[%clk
0:12:06]} g4 {[%clk 0:42:53]} 72. Qxh4+ {[%clk 0:12:12]} 1-0